Základné prostriedky SSR v roku 1985 podľa odvetvia národného hospodárstva a ústredných orgánov

Guardado en:
Detalles Bibliográficos
Formato: Libro
Lenguaje:eslovaco
Publicado: Bratislava Slovenský štatistický úrad 1986
Etiquetas: Agregar Etiqueta
Sin Etiquetas, Sea el primero en etiquetar este registro!

MARC

LEADER 00000nam a2200000 4500
001 c041621
005 20240116074008.7
041 0 |a slo 
044 |a SK 
245 1 0 |a Základné prostriedky SSR v roku 1985 podľa odvetvia národného hospodárstva a ústredných orgánov 
264 1 |a Bratislava  |b Slovenský štatistický úrad  |c 1986 
300 |a 2 zv.